000 00391nam a2200145Ia 4500
008 230917s9999||||xx |||||||||||||| ||und||
040 _e149474
_aMAIN
041 _aEnglish
082 _a791.430954 H761E
100 _aHood, John
245 0 _aEssential mystery: major filmmakers of Indian art cinema
260 _aBangalor
_bOrient Black- Swan
_c2009
300 _a631p. p.
942 _cBK
999 _c151925
_d151925